000 00695cam a2200241 4500
001 316715
003 ARRUPE
005 20150120125852.0
008 701016s1970 nyu 001 0 eng
010 _a 74016608
040 _aDLC
_cDLC
_dICU
_dDLC
050 0 0 _aQ171
_b.T34 1970
082 0 0 _a501
100 1 _aTaylor, A. M.
_q(Alfred Maurice)
_914257
245 1 0 _aImagination and the growth of science
_c[by] A. M. Taylor.
260 _aNew York,
_bSchocken Books
_c[1970]
300 _ax, 110 p.
_c21 cm.
350 _a1.75
440 0 _aTallman lectures,
_v1964-5
_914258
650 0 _aScience.
_92892
906 _a7
_bcbc
_corignew
_d4
_encip
_f19
_gy-gencatlg
942 _2lcc
_cMONOGRAPH
999 _c121779
_d121779